logo

Bir Sreshtho Munshi Abdur Rouf Library
Jhenaidah Cadet College

Adam Bede / (Record no. 4162)

MARC details
000 -LEADER
fixed length control field 00543nam a2200217 a 4500
001 - CONTROL NUMBER
JCCL Control Number 4162
003 - CONTROL NUMBER IDENTIFIER
JCCL marc code BD-JhCC
005 - DATE AND TIME OF LATEST TRANSACTION
control field 20210329134019.0
008 - FIXED-LENGTH DATA ELEMENTS--GENERAL INFORMATION
fixed length control field 171116s1938 uk |||| |||| 000 0 eng d
035 ## - SYSTEM CONTROL NUMBER
system control number (BD-JhCC)
040 ## - CATALOGING SOURCE
Original cataloging agency BD-JhCC
Modifying agency BD-JhCC
041 ## - LANGUAGE CODE
Language code of Book eng
082 ## - DEWEY DECIMAL CLASSIFICATION NUMBER
Classification number 823.88
Author mark and Year ELI 1938
100 ## - MAIN ENTRY--PERSONAL NAME
Personal name Eliot, George
245 ## - TITLE STATEMENT
Title Adam Bede /
Statement of responsibility, etc George Eliot
260 ## - PUBLICATION, DISTRIBUTION, ETC. (IMPRINT)
Place of publication, distribution, etc London :
Name of publisher, distributor, etc Oxford University Press,
Date of publication, distribution, etc 1938
300 ## - PHYSICAL DESCRIPTION
Pagination 85 p.;
Dimensions 14 cm.
490 ## - SERIES STATEMENT
Series statement Tales Retold for esay reading
650 ## - SUBJECT ADDED ENTRY--TOPICAL TERM
Topical term or geographic name as entry element Adam Bede
942 ## - ADDED ENTRY ELEMENTS (KOHA)
Source of classification or shelving scheme Dewey Decimal Classification
Koha item type Books
Koha issues (borrowed), all copies 2
Holdings
Source of classification or shelving scheme Damaged status Not for loan Home library Current library Shelving location Date of accession Total Checkouts Full call number Barcode Checked out Date last seen Date checked out Copy number Koha item type
Dewey Decimal Classification     JCC Rouf Library JCC Rouf Library General Stacks 11/23/2017 1 823.88 ELI 1938 5641 05/03/2021 03/28/2021 03/28/2021 C-1 Books

JCC Library | Contacts | JCC Home

Last Update on 23 September 2017
Copyright @ 2017-2020 JCC Rouf Library
Rouf Library, Jhenidah Cadet College (JCC), Bangladesh